000 00843nam a22002657a 4500
003 OSt
005 20250221201412.0
007 ta
008 250221b bl ||||| |||| 00| 0 por d
020 _a9788576501558
_q(encad.)
040 _bpor
_cOSt
041 0 _apor
_hpor
082 _a410.285
_bS237e
100 1 _aSantos, Emilson Moreira dos
_9267
210 _2Engenharia linguística
245 1 0 _aEngenharia linguística :
_btecnologias para apoiar as decisões gerenciais na era da internet /
260 _aRio de Janeiro :
_bE-papers,
_c2008.
300 _a146 p. :
_bil. ;
_c21 cm
504 _aBibliografia: p. 141-143
650 0 4 _aPlanejamento estratégico
650 0 4 _aLinguística-Processamento de dados
650 0 4 _aNegócios-Recursos de redes de computadores
650 0 4 _aComércio eletrônico
942 _2ddc
_cLIV
_n0
999 _c201
_d201